Music Quiz

Random Music or Album Quiz

Live Album Covers of the 1970s Quiz Stats

Quiz Updated Mar 13, 2016

Also try: British Invasion
Challenge
Share
Tweet
Score 0/34 Timer 12:00
4 Plays Today
% Correct
KISS
97.1%
The Blues Brothers
89.6%
Paul Simon
88.1%
Bee Gees
82.3%
AC/DC
81%
Peter Frampton
80.7%
Steve Martin
72.2%
Ramones
62.1%
Crosby Stills Nash & Young
60.5%
Bob Seger & The Silver Bullet Band
60%
The Rolling Stones
59.7%
The Who
59%
Aerosmith
58.1%
George Carlin
56.8%
Led Zeppelin
56.1%
Cheap Trick
53.9%
The Allman Brothers Band
52.3%
% Correct
Queen
50%
Neil Young
47.8%
Ted Nugent
47.4%
The Runaways
44.6%
Judas Priest
43.4%
Neil Diamond
43%
Yes
43%
Rush
42.2%
Thin Lizzy
40.2%
Deep Purple
35.2%
Paul McCartney & Wings
34.6%
Commodores
32.7%
Stephen Stills
32.7%
Lynyrd Skynyrd
28.6%
Blue Oyster Cult
25.8%
The Grateful Dead
25.1%
REO Speedwagon
24.7%

You're not logged in!

Compare scores with friends on all Sporcle quizzes.
Join for Free
OR
Log In

You Might Also Like...

Show Comments

Extras

Top Quizzes Today


Score Distribution

Your Account Isn't Verified!

In order to create a playlist on Sporcle, you need to verify the email address you used during registration. Go to your Sporcle Settings to finish the process.

Report this User

Report this user for behavior that violates our Community Guidelines.

Details: